000 00547nam a2200193Ia 4500
008 240729s9999 xx 000 0 und d
022 _a2765-205X
245 0 _aOrganoid
260 _aKorea, Republic of
260 _bThe Organoid Society
650 _a Biotechnology | Medicine
650 _a Chemical technology
650 _a Miscellaneous systems and treatments
650 _a Other systems of medicine
650 _aTechnology
856 _uhttps://doaj.org/toc/1318a65829434822ae4e7c9aa555df0c
942 _2ddc
942 _cDOAJEJ
999 _c69424
_d69424
945 _a1
_bMadushi Gamage
_c1
_dMadushi Gamage